A history of Delhi under the later Mughuls / (Record no. 150206)

MARC details
000 -LEADER
fixed length control field 00748nam a22002057a 4500
005 - DATE AND TIME OF LATEST TRANSACTION
control field 20180228105546.0
010 ## - LCCN (DPL NO)
LC control number B-689620
020 ## - INTERNATIONAL STANDARD BOOK NUMBER
International Standard Book Number 9788175363052
Terms of availability 225.00
035 ## - SYSTEM CONTROL NUMBER
System control number B-689620
037 ## - SOURCE OF ACQUISITION
Source of stock number/acquisition Aakar
082 ## - DEWEY DECIMAL CLASSIFICATION NUMBER
Classification number 954.02
100 ## - MAIN ENTRY--PERSONAL NAME
Personal name Spear, Percival
245 ## - TITLE STATEMENT
Title A history of Delhi under the later Mughuls /
Statement of responsibility, etc by Percival Spear
260 ## - PUBLICATION, DISTRIBUTION, ETC. (IMPRINT)
Place of publication, distribution, etc Delhi
Name of publisher, distributor, etc Low Price Publications
Date of publication, distribution, etc 2011(repr.)
270 ## - ADDRESS
Address A-6, Nimri Commerical Centre, Near Ashok Vihar Phase-IV,
City Delhi
Postal code 110052
300 ## - PHYSICAL DESCRIPTION
Extent x, 270p.
Dimensions 23cm(Hb)
500 ## - GENERAL NOTE
General note Includes bibliiographical references and index
942 ## - ADDED ENTRY ELEMENTS (KOHA)
Source of classification or shelving scheme Dewey Decimal Classification
Item type English Books
Call number suffix SPE
Classification part 954.02
Holdings
Withdrawn status Lost status Not for loan Collection code Home library Current library Date acquired Source of acquisition Cost, normal purchase price Full call number Barcode Copy number Cost, replacement price Koha item type
    Not For Loan Reference Central Library Central Library 28/02/2018 Aakar/2742/22.02.2018/889/21.02.2018/22.2.2018 225.00 954.02 SPE B-689620 1 225.00 English Books

© Delhi Public Library
Hit Counter
free hit counter